Dessine-moi un bonhomme (Registro nro. 314989)
[ vista simple ]
| 000 -ENCABEZADO | |
|---|---|
| Número de control [NR] | 00891 a2200265 4500 |
| 005 - FECHA Y HORA DE LA ÚLTIMA TRANSACCIÓN | |
| control field | 20191016111036.0 |
| 008 - DE LONGITUD FIJA DE DATOS DE ELEMENTOS - INFORMACIÓN GENERAL | |
| Elementos de longitud fija [NR] | 191016s2010 fr ||||| |||| 00| 0 fre d |
| 020 ## - NUMERO INTERNACIONAL NORMALIZADO PARA LIBROS [R] | |
| Número Internacional Normalizado del libro [NR] | 9782848352022 (3a.Ed.) |
| 040 ## - FUENTE DE CATALOGACION [NR] | |
| Agencia de catalogación original [NR] | CO-BoUCM |
| Idioma de catalogación [NR] | spa |
| Quien Cataloga | Saul Niño |
| Quien Clasifica | Saul Niño |
| 041 0# - CODIGO DE IDIOMA [R] | |
| Código de idioma para texto/pista de sonido o título separado [R] | Español |
| 100 10 - ASIENTO PRINCIPAL--NOMBRE PERSONAL [NR] | |
| Nombre personal [NR] | Baldy, René |
| ID Autoridad | 98819 |
| 245 10 - MENCION DE TITULO [NR] | |
| Título [NR] | Dessine-moi un bonhomme |
| Parte restante del título [NR] | dessins d'enfants et développement cognitif |
| Mención de responsabilidad, etc. [NR] | René Baldy |
| 250 ## - MENCION DE EDICION [NR] | |
| Mención de edición [NR] | Tercera edición |
| 260 ## - PUBLICACION, DISTRIBUCION, ETC. (PIE DE IMPRENTA) [R] | |
| Lugar de publicación, distribución, etc. [R] | Paris |
| Nombre del editor, distribuidor, etc. [R] | Éditions In Press |
| Fecha de publicación, distribución, etc. [R] | 2010 |
| 300 ## - DESCRIPCION FISICA [R] | |
| Extensión [R] | 247 páginas |
| 490 0# - MENCION DE SERIE [R] | |
| Mención de serie [R] | Psycho |
| 546 ## - NOTA DE IDIOMA [R] | |
| Nota de idioma [NR] | Texto en francés |
| 650 #7 - ASIENTO SECUNDARIO DE MATERIA - TERMINO TEMATICO [R] | |
| 9 (RLIN) | 127 |
| Término temático o nombre geográfico como elemento de entrada [NR] | Niños |
| Subdivisión general [R] | Desarrollo |
| 650 #7 - ASIENTO SECUNDARIO DE MATERIA - TERMINO TEMATICO [R] | |
| 9 (RLIN) | 12930 |
| Término temático o nombre geográfico como elemento de entrada [NR] | Desarrollo cognitivo |
| Subdivisión general [R] | Niños |
| 650 #7 - ASIENTO SECUNDARIO DE MATERIA - TERMINO TEMATICO [R] | |
| 9 (RLIN) | 12971 |
| Término temático o nombre geográfico como elemento de entrada [NR] | Desarrollo infantil |
| 650 #7 - ASIENTO SECUNDARIO DE MATERIA - TERMINO TEMATICO [R] | |
| 9 (RLIN) | 7515 |
| Término temático o nombre geográfico como elemento de entrada [NR] | Dibujo |
| Subdivisión general [R] | Aspectos psicológicos |
| 650 #7 - ASIENTO SECUNDARIO DE MATERIA - TERMINO TEMATICO [R] | |
| 9 (RLIN) | 22846 |
| Término temático o nombre geográfico como elemento de entrada [NR] | Psicología infantil |
| 942 ## - ELEMENTOS DE ENTRADA AGREGADOS (KOHA) | |
| Tipo de ítem principal el descrito en 300a | Libro |
| Sistema de clasificación | DEWEY |
| Tema principal | Psicología |
| Edición | 3 |
| Clasificación | 155.413 |
| Parte restante de la signatura top. | B182d |
| Total préstamos | Signatura topográfica | Código de barras | Última vez visto | Ejemplar | Costo de reposición | Price effective from | Tipo de ítem | Perdido | Sistema de clasificación | Dañado | No prestable | Tipo de ítem específico | Suprimido | Ubicación habitual | Ubicación actual | Localización | Fecha de creación | Proveedor | Forma de adquisición | Costo |
|---|---|---|---|---|---|---|---|---|---|---|---|---|---|---|---|---|---|---|---|---|
| 155.413 B182d | 100164463 | 05/12/2025 | Ej.1 | 182588.00 | 08/10/2019 | Libro | DEWEY | Libro | Claustro | Claustro | 2do piso | 08/10/2019 | 19 | Compra | 182588.00 |